| 000 | 00780nam a22002177a 4500 | ||
|---|---|---|---|
| 003 | OSt | ||
| 005 | 20250621034439.0 | ||
| 008 | 250621b |||||||| |||| 00| 0 eng d | ||
| 020 | _a978-621-427-137-5 | ||
| 040 |
_aDWCL-Main Lib _cOC |
||
| 082 | _aFil. 344.01 P397l 2023 | ||
| 100 | _aPeñaflor, Lito A. | ||
| 245 |
_aLabor laws and social legislation/ _cLito A. Peñaflor & Karyl O. Peñaflor |
||
| 250 | _aSecond edition | ||
| 260 |
_aIntramuros, Manila: _bUnlimited Books Library Services & Publishing Inc., _cc2023. |
||
| 300 |
_axii, 457 pages; _c25cm. |
||
| 504 | _aIncludes appendix, bibliographical references, and index. | ||
| 650 | _a1. Labor laws and legislation -- Philippines. | ||
| 700 | _aPeñaflor, Karyl O. | ||
| 942 |
_2ddc _cBK - FIL _eSecond edition _kFil. _n0 |
||
| 999 |
_c3227 _d3227 |
||